000
00275nam a2200121Ia 4500
005
20260328101459.0
008
260328s9999||||xx |||||||||||||| ||und||
100
_a
Paustian
245
0
_a
Alvar Aalto mobler /
_c
Paustian
260
_b
----
650
_a
ARQUITECTOS
942
_c
BK
999
_c
8924
_d
8924